Mini Sudoku V Quiz Stats

 Plays Quiz Updated Mar 17, 2020

Support Sporcle.
Go Orange.
Score 0/10 Timer 03:00
11 Plays Today
% Correct
1
97.4%
1
96.5%
1
96.1%
1
95.5%
3
92.8%
2
92.4%
4
92.4%
2
92.4%
4
91.3%
3
91.2%

From the Vault

UK Pub Quiz: Our Hefty History

by SporcleEXP

History 8m
UK's been around a while. Must be why their history textbooks are so heavy.
Remove Ads.
Support Sporcle.
Get the best of Sporcle when you Go Orange. This ad-free experience offers more features, more stats, and more fun while also helping to support Sporcle. Thank you for becoming a member.

Show Comments

Extras

Top Quizzes Today


Score Distribution

Your Account Isn't Verified!

In order to create a playlist on Sporcle, you need to verify the email address you used during registration. Go to your Sporcle Settings to finish the process.

Report this User

Report this user for behavior that violates our Community Guidelines.

Details: